Language load : (Record no. 1434988)
[ view plain ]
| 000 -LEADER | |
|---|---|
| fixed length control field | 00701nam a22001937a 4500 |
| 005 - DATE AND TIME OF LATEST TRANSACTION | |
| control field | 20250829141817.0 |
| 008 - FIXED-LENGTH DATA ELEMENTS--GENERAL INFORMATION | |
| fixed length control field | 250829b |||||||| |||| 00| 0 eng d |
| 037 ## - SOURCE OF ACQUISITION | |
| Terms of availability | TB |
| 040 ## - CATALOGING SOURCE | |
| Original cataloging agency | AL |
| Transcribing agency | AL |
| 041 ## - LANGUAGE CODE | |
| Source of code | ENG |
| Language code of text/sound track or separate title | ENG |
| 084 ## - COLON CLASSIFICATION NUMBER | |
| Classification number | T:2:(P) L8 |
| Assigning agency | AL |
| 100 ## - MAIN ENTRY--PERSONAL NAME | |
| Personal name | Srivastava, A K |
| 245 ## - TITLE STATEMENT | |
| Title | Language load : |
| Remainder of title | report of the survey of the opinions of students parents and teachers on the various aspects of the problems of load of learning several language |
| 260 ## - PUBLICATION, DISTRIBUTION, ETC. | |
| Place of publication, distribution, etc. | Mysore, India: |
| Name of publisher, distributor, etc. | Central Institute of Indian Languages, |
| Date of publication, distribution, etc. | 1978. |
| 300 ## - PHYSICAL DESCRIPTION | |
| Extent | xvi,162p. |
| 650 ## - SUBJECT ADDED ENTRY--TOPICAL TERM | |
| Source of heading or term | EDUCATION |
| 942 ## - ADDED ENTRY ELEMENTS (KOHA) | |
| Source of classification or shelving scheme | Colon Classification (CC) |
| Koha item type | Textbook |
| Classification part | T:2:(P) L8 |
| Suppress in OPAC | No |
| Withdrawn status | Lost status | Source of classification or shelving scheme | Damaged status | Not for loan | Home library | Current library | Date acquired | Total Checkouts | Full call number | Barcode | Date last seen | Price effective from | Koha item type |
|---|---|---|---|---|---|---|---|---|---|---|---|---|---|
| Colon Classification (CC) | Arts Library | Arts Library | 2025-08-29 | T:2:(P) L8 | AL0826725 | 2025-08-29 | 2025-08-29 | Textbook |
